000 00874nam a2200229Ia 4500
005 20250108125049.0
008 008 250107s9999 xx 000 0 hin d
020 _a978-93-81480-69-4
037 _aTB
040 _aCRL
_bhin
_cCRL
041 _ahin
_2hin
084 _aY:1.2 P7
084 _qCRL
100 _aगोयन्दका, जयदयाल, अनु.
245 0 _aश्रीमद्भगवद्गीता: तत्वविवेचनी हिन्दी - टीका पदच्छेद, अन्वयसहित
_cगोयन्दका, जयदयाल, अनु.
260 _aगोरखपुर, भारत
_bगीताप्रेस
_c3191
300 _a959पृ0
365 _aINR
_b595
650 _aदर्शनशास्त्र
942 _cTB
_hY:1.2 P7
999 _c1235579
_d1235579